000 00471nam a22001697a 4500
003 CEME
005 20210628202757.0
008 210120b xxu||||| |||| 00| 0 eng d
040 _cceme
082 _a658.1 VEC
100 _aVecchio, Robert P ,Hearn, Greg ,Southey, Greg
_961567
245 _aOrganisational behaviour
260 _aRAWALPINDI
_bNATIONAL BOOK FOUNDATION
_c2007
300 _aXIII,862 P
650 _aORGANISATIONAL BEHAVIOUR
_961568
942 _cBK
_2ddc
999 _c570978
_d570978